Biggest Non-E Cities on a Map - Statistics

General Stats
  • This quiz has been taken 130 times
  • The average score is 45 of 50
Answers on the Map
Answers color-coded by a green-red scale on the quiz's map according to % correct below.
 
Answer Stats
Population City % Correct
21,500,000 Cairo
100%
32,100,000 Jakarta
100%
14,800,000 London
100%
6,500,000 Madrid
100%
6,350,000 Miami
100%
17,400,000 Moscow
100%
11,400,000 Paris
100%
7,750,000 San Francisco
100%
40,500,000 Tokyo
100%
9,800,000 Bogotá
99%
9,650,000 Chicago
99%
16,200,000 Istanbul
99%
11,100,000 Lima
99%
25,600,000 Mumbai
99%
17,700,000 Osaka
99%
7,150,000 Baghdad
98%
7,700,000 Boston
98%
6,800,000 Houston
98%
7,800,000 Santiago
98%
34,100,000 Shanghai
98%
19,400,000 Bangkok
97%
7,300,000 Dallas
97%
26,300,000 Manila
97%
20,300,000 Dhaka
96%
8,400,000 Riyadh
96%
22,600,000 São Paulo
96%
7,650,000 Toronto
96%
8,550,000 Washington, D.C.
96%
10,600,000 Ho Chi Minh City
95%
20,100,000 Lagos
95%
47,600,000 Guangzhou
94%
13,900,000 Kinshasa
94%
17,000,000 Kolkata
94%
8,450,000 Luanda
94%
9,150,000 Kuala Lumpur
93%
7,550,000 Hong Kong
92%
9,250,000 Wuhan
92%
6,500,000 Khartoum
91%
18,200,000 Karachi
90%
10,500,000 Nagoya
83%
7,100,000 Xi'an
82%
13,200,000 Tianjin
76%
8,400,000 Chongqing
72%
6,150,000 Surabaya
71%
7,050,000 Bandung
69%
6,500,000 Nanjing
66%
8,600,000 Hangzhou
61%
6,900,000 Surat
57%
6,250,000 Qingdao
47%
7,750,000 Shantou
42%
No matching quizzes found
Score Distribution
Percent of People with Each Score
Percentile by Number Answered
Your Score History
You have not taken this quiz